Jeux olympiques de Chamonix, Grenoble ou Albertville - Statistiques

Statistiques générales
  • Ce quiz a été pris 27 fois
  • Le résultat moyen est 26 sur 60
Statistiques - réponses
Hint Réponse % Correct
Ont lieu en 1924 Chamonix
68%
La flamme olympique est allumée par Alain Calmat Grenoble
68%
Il n'y a pas de mascotte Chamonix
64%
Marielle Goitschel est championne olympique de Slalom Grenoble
64%
Ont eu lieu en 1968 Grenoble
64%
Les médailles d'or françaises sont obtenues en biathlon féminin, combiné nordique individuel et en ski de bosses Albertville
60%
Ont été ouverts par François Mitterrand Albertville
60%
Sont les 1ers jeux d'hiver Chamonix
60%
Les épreuves de ski nordique se déroulent à Autrans Grenoble
60%
Ce sont les premiers jeux rediffusés en couleur Grenoble
60%
947 hommes et 211 femmes ont pris part aux épreuves Grenoble
60%
Jean-Claude Killy y remporte trois titres olympiques Grenoble
60%
Ont lieu en 1992 Albertville
56%
Ce sont les derniers jeux de Pierre de Coubertin comme président du Comité olympique Chamonix
56%
Sa mascotte s'appelle Shuss Grenoble
56%
Ils sont clôturés par Georges Pompidou Grenoble
56%
Sont les 10e jeux d'hiver Grenoble
56%
Le tremplin est installé près du glacier des Bossons Chamonix
52%
Ils sont clôturés par Pierre de Coubertin Chamonix
52%
Les Français remportent la médaille de bronze en curling et en Patrouille militaire Chamonix
52%
La flamme olympique est allumée par Michel Platini Albertville
48%
La mise en scène de la cérémonie d'ouverture est de Philippe Decouflé Albertville
48%
Andrée Joly et Pierre Brunet sont médaillés de bronze en Patinage artistique par couple Chamonix
48%
Il n'y a pas de flamme olympique Chamonix
48%
Le serment olympique est prêté par Camille Mandrillon Chamonix
48%
Ont été ouverts par Charles de Gaulle Grenoble
48%
L'Allemagne présente une équipe unifiée pour la 1ère fois depuis 1964 Albertville
44%
Le flambeau olympique a été dessiné par Philippe Starck Albertville
44%
Lors de la cérémonie de clôture le drapeau est transféré à Lillehamer Albertville
44%
L'emblème des jeux représente une flamme aux couleurs de la Savoie Albertville
44%
Le serment olympique est prêté par Surya Bonaly Albertville
44%
La cérémonie d'ouverture se déroule un jeudi Chamonix
44%
Ils accueillent 9 disciplines Chamonix
44%
16 pays y ont participé Chamonix
44%
La cérémonie d'ouverture se déroule un samedi Albertville
40%
Se sont déroulés du 8 au 23 février Albertville
40%
1312 hommes et 488 femmes ont pris part aux épreuves Albertville
40%
245 hommes et 13 femmes ont pris part aux épreuves Chamonix
40%
Elle était en concurrence avec Amsterdam pour l'organisation Chamonix
40%
Ont été ouverts par Gaston Vidal Chamonix
40%
64 pays y ont participé Albertville
36%
Sont les 16e jeux d'hiver Albertville
36%
Isabelle et Paul Duchesnay remportent la médaille d'argent en danse en patinage artistique Albertville
36%
Se sont déroulés du 6 au 18 février Grenoble
36%
37 pays y ont participé Grenoble
36%
Le serment olympique est prêté par Léo Lacroix Grenoble
36%
L'Allemagne termine à la 1ère place des nations Albertville
32%
Les jeux d'été et d'hiver sont attribués à la France pour le 30e anniversaire de l'annonce du renouveau olympique Chamonix
32%
Elle était en concurrence avec Calgary pour l'organisation Grenoble
32%
Le jour de l'ouverture le cortège des délégations a traversé la ville derrière une fanfare Chamonix
28%
La Norvège termine à la 1ère place des nations Grenoble
28%
La cérémonie d'ouverture se déroule un mardi Grenoble
24%
Se sont déroulés du 25 janvier au 5 février Chamonix
20%
Alain Mimoun est le premier relayeur de la flamme sur le sol français Grenoble
20%
Ils accueillent 12 disciplines Albertville
16%
La France termine à la 9e place des nations Chamonix
16%
Ils accueillent 10 disciplines Grenoble
16%
Pendant que le dernier porteur de la flamme se dirige vers la vasque, ses battements de coeur sont retransmis dans le stade Grenoble
16%
Sa mascotte s'appelle Magique Albertville
12%
Elle était en concurrence avec Sofia pour l'organisation Albertville
8%
Aucun quiz correspondant
Distribution des résultats
% des personnes avec chaque résultat
Percentile par nombre de réponses
Votre historique - résultats
Vous n’avez pas pris ce quiz